000 00482nam a2200145 4500
999 _c11536
_d11536
008 181210b ||||| |||| 00| 0 eng d
022 _a 2094-8042
082 _aDPer 050 T48 Apr-June 2016 v. 187 n. 12-24
100 _933091
_aBrown, Jason Robert
245 _aAriana Grande:
_bnever underestimate her/
_cJason Robert Brown.
260 _aHong Kong:
_bTime Asia,
_cc2016.
300 _av187 n16-17, page 58:
_billustrations;
_c27 cm.
650 0 _933092
_aSingers.
942 _2ddc
_cPER